| 000 | 00490nam a22001937a 4500 | ||
|---|---|---|---|
| 003 | OSt | ||
| 005 | 20260528153725.0 | ||
| 008 | 260528b |||||||| |||| 00| 0 eng d | ||
| 020 | _a0-02-354020-6 | ||
| 040 | _cChuka University | ||
| 050 | _aTA 351 .H5 1978 | ||
| 100 |
_aHibbeler, R.C _926785 |
||
| 245 |
_aEngineering Mechanics _bStatics |
||
| 250 | _a2nd Ed. | ||
| 260 |
_aNew York _bMacmillan _c1978 |
||
| 300 |
_a483p _billustrated |
||
| 650 |
_aStatics _926798 |
||
| 942 |
_2lcc _cBK _n0 |
||
| 999 |
_c23033 _d23033 |
||